000 00300nam a22001337a 4500
008 170621b xxu||||| |||| 00| 0 eng d
020 _a9780879757694
041 _aeng
080 _a32
100 _a20
101 _aSHP
245 _aARE YOU POLITICALLY CORRECT?
_cBECKWITH, F.J
942 _2udc
_cBK
999 _c18471
_d18471